000 00859cam a2200277 4500
001 29008
003 BD-RjUL
005 20211209051347.0
008 140401s1971 nyua b 001 0 eng
020 _a0389041181
035 _a(BD-RjUL)29093
040 _aDLC
_cDLC
_dBD-RjUL
_beng
041 _aeng
082 0 0 _a133.5093
_bLIO 1971
100 1 _aLindsay, Jack,
_d1900-1990.
_934970
245 1 0 _aOrigins of astrology /
_cJack Lindsay.
260 _aNew York :
_bBarnes & Noble,
_cc1971.
300 _axii, 480 p. :
_bill. ;
_c23 cm.
500 _a"Written ... as a companion-piece to go with ... [the author's] The origins of alchemy in Graeco-Roman Egypt."
504 _aBibliography: p. 463-471.
504 _aIncludes index.
650 0 _aAstrology
_xHistory.
_988610
942 _2ddc
_cBK
999 _c29008
_d29008